000 00699nam a2200217 a 4500
001 19944
003 CO-ViMGA
008 141112s2004 ck r 000 u spa d
020 _a9589012412
040 _aCO-ViMGA
_bspa
_cCO-ViMGA
082 0 4 _a301.6 M651s
100 1 _aMolano, Alfredo
245 1 0 _aSiguiendo el corte :
_brelatos de guerras y de tierras
260 _aBogotá :
_bEdiciones Ancora,
_c2002
300 _a321 p.
500 _aPrólogo de Orlando Fals Borda.
590 _aForma de adquisición : Premio Mincultura BM : Reposición - - Precio : BM : 15000
650 1 4 _aGUERRILLAS - GUAVIARE - COLOMBIA
_928950
650 1 4 _aVICHADA - HISTORIA - COLOMBIA
_928951
942 _2ddc
_cBK
999 _c297
_d297